| 000 | 00357 a2200109 4500 | ||
|---|---|---|---|
| 001 | ART_16202 | ||
| 005 | 20260410161853.0 | ||
| 008 | 260409a | ||
| 245 | 1 | 0 | _aLa intensidad de los permisos |
| 100 | 1 | _aNavarro, Pablo E. | |
| 773 | 0 |
_tFilosofía del derecho _gCuestiones epistemológica y normativas - Año I, Nº 2 (dic. 2012) _wREV10449 |
|
| 999 |
_c25187 _d25187 |
||